| 000 | 00508nam a2200169Ia 4500 | ||
|---|---|---|---|
| 008 | 090201s9999 xx 000 0 und d | ||
| 010 | _aKPL-49767 | ||
| 040 | _bमराठी | ||
| 041 | _aमराठी | ||
| 082 |
_a9214 _b49767 |
||
| 100 | _aप्रकाश कदम | ||
| 245 |
_aबादशाह _cप्रकाश कदम |
||
| 260 |
_c2004 _bश्रध्दा पब्लिकेशन्स |
||
| 300 |
_a135 _bमोठा |
||
| 600 | _aबादशाह | ||
| 942 | _cBOOK | ||
| 999 |
_c209738 _d209738 |
||